Partial differential equations : an introduction /
Guardado en:
| Autor Principal: | |
|---|---|
| Formato: | Libro |
| Idioma: | English |
| Publicado: |
New York :
McGraw-Hill,
1962.
|
| Series: | International series in pure and applied mathematics
|
| Etiquetas: |
Agregar Etiqueta
Sin Etiquetas, Sea el primero en etiquetar este registro!
|
| LEADER | 00550nam a22001695a 4500 | ||
|---|---|---|---|
| 001 | MAT.inmabb001447 | ||
| 008 | 031211s1962####nyu###########001#0#eng#d | ||
| 005 | 20130315120422.0 | ||
| 245 | 1 | 0 | |a Partial differential equations : |b an introduction / |c Bernard Epstein. |
| 260 | |a New York : |b McGraw-Hill, |c 1962. | ||
| 300 | |a x, 273 p. ; |c 24 cm. | ||
| 440 | 0 | |a International series in pure and applied mathematics | |
| 510 | 4 | |a MR, |c 26 #6550 | |
| 100 | 1 | |a Epstein, Bernard. | |
| 084 | |a 35-01 |2 msc2000 | ||
| 010 | |a 61017338 | ||
| 859 | |h 35 |i Ep64 |p A-1743 |b BIB. MATEMATICA | ||
